000 00363nam a22001457a 4500
020 _qPB.
040 _cFizza Ishaq
082 _a006.31
_bMUH
100 _aMuhammed, Mohssen.
_9111774
245 _aMachine Learning: Algorithm & Applications /
_cMohssen Muhammed.
250 _a1st ed.
260 _bCRC Press,
_c2017.
300 _a204 p. ;
942 _2ddc
_cBK
999 _c594452
_d594452